|
|
|
|
| LEADER |
00000nab a2200000ua 4500 |
| 001 |
vtls010781999 |
| 003 |
SK-MaSNL |
| 005 |
20260303153124.0 |
| 008 |
230222s1995 xo |||||||||||||||||cze| |
| 035 |
|
|
|a (urnnbn)urn:nbn:sk:snk:ar-a064k6
|
| 035 |
|
|
|a (uuid)a8f495e1-975e-4228-9cef-cced5053b3d5
|
| 035 |
|
|
|a urn:nbn:sk:snk-ab4wad
|
| 040 |
|
|
|a SNKBUCL
|b slo
|c SNKBUCL
|e AACR2
|
| 041 |
0 |
|
|a cze
|
| 044 |
|
|
|a xo
|c SK
|
| 100 |
1 |
|
|a Chlumský, J.
|4 aut
|9 514793
|
| 245 |
1 |
0 |
|a NAŠE PRVNÍ ZKUŠENOSTI S POUŽITÍM KONTINUÁLNÍHO POZITIVNÍHO TLAKU U PACIENTŮ S AKUTNÍ RESPIRAČNÍ INSUFICIENCÍ
|c J. Chlumský
|
| 773 |
0 |
|
|t Studia pneumologica et phtiseologica : časopis Slovenskej pneumologickej a ftizeologickej spoločnosti a České pneumolologické a ftizeologické společnosti
|g Roč. 55, č. 2 (1995), s. 98-103
|
| 958 |
|
|
|a OND
|
| 958 |
|
|
|a EUIPO
|
| 958 |
|
|
|a article3
|
| 999 |
|
|
|c 2026592
|d 2028522
|